00358cam a2200133ua 4500020001000000041001000010082001700020100002100037245008500058260005400143300001200197365001000209504000500219 c16.00 aengh a636bFRA/ AN aFraser, Allan . aAnimal husbandry heresies , Part l, ll, lll / cAllan Fraser.hTextual Documents aLondon : bCrosby Lovekwood and son ltd , c1960. a200 ; . a16.00 a